[Event "1001"]
[Site "www.echecsemail.com"]
[Date "2026.02.02"]
[Round "1"]
[White "4x4"]
[Black "Qsdmlk"]
[WhiteElo "1490"]
[BlackElo "1530"]
[Result "1-0"]
1.Nb1c3 d5
2.d4 Bc8g4
3.f3 Bg4h5
4.g4 Bh5g6
5.Bf1g2 Nb8c6
6.Bc1e3 Nc6b4
7.a3 Nb4xc2
8.Kf2 Nc2xa1
9.Qd1xa1 Ng8f6
10.b4 e6
11.Ng1h3 c6
12.Nc3a4 Bf8d6
13.Na4c5 Qd8c7
14.Be3d2 O-O
15.e3 Bd6xh2
16.f4 Nf6xg4
17.Kf3 Bg6h5
18.Ke2 Bh2g3
19.Bg2f3 g6
20.Nh3g5 Qc7b6
21.Bd2e1 Qb6b5
22.Kd2 b6
23.Nc5d7 Rf8d8
24.Nd7f6 Kg7
25.Bf3xg4 Bg3xe1
26.Qa1xe1 Kxf6
27.Ng5xh7 Kg7
28.Bg4xh5 Kxh7
29.Bh5g4 Kg7
30.Qe1h4 Rd8h8
31.Qh4e1 f5
32.Bg4e2 Qb5a4
33.Qe1c1 Rh8xh1
34.Qc1xh1 Qa4xa3
35.Be2d3 Qa3xb4
36.Ke2 Ra8h8
37.Qh1g2 Qb4b2
38.Kf3 Qb2c3
39.Bd3e2 b5
40.Qg2g5 Qc3e1
41.Qg5e7 Kg8
42.Qe7xe6 Kg7
43.Qe6d7 Kh6
44.Qd7xc6 a6
45.Qc6xa6 b4
46.Qa6b5 Qe1h1
47.Kg3 Qh1e4
48.Qb5xb4 Qe4xe3
49.Be2f3 Kg7
50.Qb4b7 Kf6
51.Qb7xd5 Qe3g1
52.Bf3g2 Qg1h2
53.Kf2 Rh8h3
54.Qd5e5 Kf7
55.d5 Rh3h4
56.Qe5e6 Kg7
57.Qe6e7 Kh6
58.Qe7g5 Kg7
59.d6 Rh4xf4
60.Ke3 Rf4e4
61.Bg2xe4 Qh2xd6
62.Be4d3 Qd6e5
63.Kd2 Qe5d6
64.Qg5e3 f4
65.Qe3e4 g5
66.Ke2 g4
67.Qe4f5 f3
68.Kf2 Qd6d4
69.Kg3 Qd4g1
70.Kf4 Qg1h2
71.Kxg4 f2
72.Qf5g5 Kh8
73.Bd3c4 Qh2g2
74.Kf5 Qg2f3
75.Ke5 Qf3h3
76.Qg5g8 1-0

[Event "Tournoi n27373"]
[Site "www.echecsemail.com"]
[Date "2026.02.02"]
[Round "1"]
[White "Ohtani"]
[Black "Tizi"]
[WhiteElo "1649"]
[BlackElo "1730"]
[Result "1-0"]
1.d4 d5
2.c4 e6
3.Nb1c3 Ng8f6
4.Bc1g5 Bf8e7
5.Ng1f3 c6
6.e3 O-O
7.Bf1d3 a6
8.O-O h6
9.Bg5h4 Nb8d7
10.cxd5 exd5
11.Ra1c1 Rf8e8
12.h3 Be7b4
13.a3 Bb4d6
14.e4 dxe4
15.Nc3xe4 Bd6e7
16.Ne4xf6 Nd7xf6
17.Bd3c4 Nf6d5
18.Bh4xe7 Qd8xe7
19.Rf1e1 Qe7d8
20.Re1xe8 Qd8xe8
21.Qd1b3 Bc8e6
22.Qb3xb7 Ra8b8
23.Qb7xa6 Nd5f4
24.Bc4xe6 Qe8xe6
25.Rc1e1 Qe6a2
26.Qa6xc6 Qa2xb2
27.Re1e8 Kh7
28.Qc6e4 g6
29.Qe4xf4 Rb8xe8
30.Qf4xf7 Kh8
31.Qf7xe8 Kh7
32.Qe8f7 Kh8
33.Nf3e5 Qb2c1
34.Kh2 Qc1f4
35.Qf7xf4 Kg7
36.Qf4f7 Kh8
37.Ne5xg6 1-0

[Event "CHATURANGA"]
[Site "www.echecsemail.com"]
[Date "2026.02.02"]
[Round "1"]
[White "Mindthegap"]
[Black "4x4"]
[WhiteElo "1460"]
[BlackElo "1450"]
[Result "1-0"]
1.e4 e5
2.Ng1f3 Ng8f6
3.Bf1c4 d6
4.d3 Bc8e6
5.Bc4xe6 fxe6
6.Bc1g5 Bf8e7
7.Bg5xf6 gxf6
8.Nb1c3 Nb8d7
9.Qd1e2 c5
10.Nf3h4 Qd8b6
11.Qe2h5 Kd8
12.Nh4g6 Kc7
13.Ng6xe7 Ra8e8
14.Ne7d5 Kc6
15.Nc3a4 Qb6a5
16.Na4c3 exd5
17.exd5 Kc7
18.a4 f5
19.O-O Nd7f6
20.Nc3b5 Kb6
21.Qh5h6 Rh8f8
22.Nb5xd6 Re8d8
23.Nd6c4 Ka6
24.Nc4xa5 Kxa5
25.Qh6d2 Kb6
26.a5 Kc7
27.b4 Rd8xd5
28.Qd2h6 Rf8f7
29.b5 Rd5d6
30.Qh6e3 Nf6d5
31.Qe3xc5 Kd7
32.Qc5xa7 Ke6
33.Qa7xb7 Rf7xb7
34.a6 Rb7xb5
35.a7 Nd5b6
36.a8Q Nb6xa8
37.Ra1xa8 Kd5
38.Ra8h8 Rd6d7
39.c4 Kc5
40.cxb5 Kxb5
41.Rf1b1 Kc5
42.Rh8c8 Kd4
43.Rb1c1 e4
44.Rc8c4 Kxd3
45.Rc4c8 Rd7d4
46.Rc1d1 Ke2
47.Rd1xd4 e3
48.fxe3 Kxe3
49.Rd4d7 h5
50.Rc8e8 Kf4
51.g3 Kg4
52.Re8g8 Kh3
53.Rd7h7 h4
54.Rh7xh4 1-0

[Event "Défi"]
[Site "www.echecsemail.com"]
[Date "2026.02.02"]
[Round "1"]
[White "Leredoutable"]
[Black "Fr7d"]
[WhiteElo "1750"]
[BlackElo "1660"]
[Result "1-0"]
1.e4 e5
2.f4 d6
3.Ng1f3 Ng8f6
4.Nb1c3 Nb8c6
5.Bf1c4 Bc8e6
6.Bc4xe6 fxe6
7.O-O Bf8e7
8.fxe5 Nc6xe5
9.Nf3xe5 dxe5
10.Qd1f3 O-O
11.d3 Be7d6
12.Qf3g3 Bd6c5
13.Kh1 Qd8e7
14.Bc1g5 Bc5d4
15.Ra1b1 Qe7d7
16.Nc3e2 c5
17.c3 c4
18.dxc4 Bd4c5
19.Rb1d1 Qd7c7
20.b4 Bc5e7
21.Bg5xf6 Be7xf6
22.Ne2d4 exd4
23.Qg3xc7 dxc3
24.Qc7xb7 h6
25.c5 Ra8b8
26.Qb7xa7 Rb8xb4
27.c6 c2
28.Rd1c1 Rb4b2
29.Rf1f2 Rb2b1
30.Rf2xc2 Rb1xc1
31.Rc2xc1 Bf6g5
32.Rc1d1 e5
33.c7 Kh7
34.Qa7b8 Rf8xb8
35.cxb8Q h5
36.Qb8xe5 g6
37.Rd1d7 Kh6
38.Qe5h8 1-0

[Event "Défi"]
[Site "www.echecsemail.com"]
[Date "2026.02.02"]
[Round "1"]
[White "Solnic"]
[Black "Buzz84"]
[WhiteElo "1290"]
[BlackElo "1440"]
[Result "0-1"]
1.e4 c6
2.a3 d5
3.d3 dxe4
4.h3 Ng8f6
5.Nb1c3 Bc8f5
6.dxe4 Qd8xd1
7.Nc3xd1 Bf5xe4
8.f3 Be4xc2
9.Nd1c3 e6
10.Kd2 Bc2b3
11.Ke1 Bf8c5
12.Ng1e2 O-O
13.Ne2f4 Nb8d7
14.Nf4d3 Bc5b6
15.Nd3f4 Nd7c5
16.Bf1e2 Nc5d7
17.g4 Nd7e5
18.g5 Nf6d5
19.Nf4h5 Ra8d8
20.Nc3xd5 cxd5
21.f4 Bb6a5
22.Bc1d2 Ba5xd2
23.Kxd2 Ne5c4
24.Kc3 Bb3a4
25.Kb4 Ba4c6
26.a4 a5
27.Kc3 Nc4e3
28.Ra1e1 d4
29.Kd2 Bc6xh1
30.Re1xh1 f5
31.Rh1g1 Ne3d5
32.g6 h6
33.Kd3 Nd5b4
34.Kd2 Rd8d6
35.Be2f3 b6
36.h4 Rf8c8
37.Bf3b7 Rc8c2
38.Kd1 d3
39.Nh5g3 d2
40.Bb7f3 Rc2c1
41.Ke2 Rc1xg1
42.Ng3h5 d1Q
43.Kf2 Rd6d2
44.Bf3e2 Qd1xe2
{ abandon }0-1

[Event "Tournoi n27380"]
[Site "www.echecsemail.com"]
[Date "2026.02.02"]
[Round "1"]
[White "Willkommen54"]
[Black "Nico"]
[WhiteElo "2020"]
[BlackElo "2010"]
[Result "1/2-1/2"]
1.d4 d5
2.Ng1f3 Nb8c6
3.Bc1f4 h6
4.e3 Ng8f6
5.a3 a6
6.Bf1d3 Bc8g4
7.Bd3e2 Bg4xf3
8.Be2xf3 e6
9.O-O Bf8d6
10.Bf4xd6 Qd8xd6
11.Nb1d2 O-O
12.c4 Qd6d7
13.b4 Nc6e7
14.Qd1c2 c6
15.Rf1c1 Ra8c8
16.Qc2b2 Rc8c7
17.Nd2b3 b6
18.c5 b5
19.Nb3d2 Nf6h7
20.Nd2f1 Nh7g5
21.Bf3e2 Rc7c8
22.a4 Rc8a8
23.Nf1g3 Qd7c7
24.Ra1a2 Ra8a7
25.Rc1a1 Rf8a8
26.Qb2c2 Qc7b7
27.Be2d3 g6
28.h4 Ng5h7
29.Ng3e2 f5
30.Ne2f4 Kf7
31.g3 Nh7f6
32.Qc2d1 Ra8g8
33.axb5 cxb5
34.Qd1e2 Rg8a8
35.Qe2d2 Ne7c6
36.Qd2c3 Ra8g8
37.Qc3b2 g5
38.Nf4g2 Ke7
39.Qb2b1 Kf7
{ nul }1/2-1/2

[Event "Transval 3"]
[Site "www.echecsemail.com"]
[Date "2026.02.02"]
[Round "1"]
[White "4x4"]
[Black "Petitlulu64"]
[WhiteElo "1450"]
[BlackElo "1690"]
[Result "1-0"]
1.d4 d5
2.Ng1f3 e6
3.e3 Nb8c6
4.Bf1b5 Bc8d7
5.Bb5xc6 Bd7xc6
6.Nb1c3 Ng8f6
7.Bc1d2 Bf8e7
8.a3 O-O
9.Qd1e2 Rf8e8
10.b4 b5
11.O-O-O a5
12.Nc3b1 axb4
13.axb4 Ra8a4
14.Bd2c3 Be7xb4
15.Bc3xb4 Ra4xb4
16.Qe2d2 Rb4a4
17.Qd2c3 Ra4c4
18.Qc3d3 Nf6e4
19.Rh1f1 Qd8a8
20.Nf3d2 Ne4xd2
21.Rd1xd2 Qa8a2
22.c3 Re8a8
23.Rd2xa2 Ra8xa2
24.g3 b4
25.Rf1d1 Bc6a4
26.Rd1d2 Ra2a1
27.Rd2b2 b3
28.Kd2 Ra1a2
29.Kc1 f5
30.Nb1d2 Ra2a1
31.Rb2b1 Ra1xb1
32.Nd2xb1 Ba4b5
33.Nb1a3 b2
34.Kb1 Rc4a4
35.Na3xb5 c6
36.Nb5c7 Kf7
37.Kxb2 Ra4a7
38.Nc7a6 Ra7b7
39.Kc2 Rb7a7
40.Na6b8 Ra7a2
41.Kb1 Ra2xf2
42.Nb8xc6 Rf2xh2
43.Qd3a6 Rh2h3
44.Qa6b7 Kf6
45.Qb7e7 Kg6
46.Nc6e5 Kh5
47.Qe7f7 Kg5
48.Qf7xg7 Kh5
49.Qg7xh7 Kg5
50.Qh7g6 1-0

[Event "FARSCHWILLER"]
[Site "www.echecsemail.com"]
[Date "2026.02.02"]
[Round "1"]
[White "Luc20"]
[Black "Katastrofic"]
[WhiteElo "1850"]
[BlackElo "1460"]
[Result "0-1"]
1.e4 e5
2.Ng1f3 Ng8f6
3.Nf3xe5 d6
4.Ne5f3 Nf6xe4
5.d4 d5
6.Bf1d3 Bf8e7
7.O-O O-O
8.Rf1e1 Bc8f5
9.Bc1f4 Be7d6
10.Bf4g3 Ne4xg3
11.hxg3 Bf5xd3
12.Qd1xd3 Rf8e8
13.Nb1c3 c6
14.Nc3e2 Nb8d7
15.Ne2f4 Bd6xf4
16.gxf4 Nd7f6
17.Nf3e5 Nf6h5
18.Qd3f5 Nh5f6
19.f3 Qd8c8
20.Qf5g5 h6
21.Qg5g3 Re8e6
22.c3 Qc8c7
23.Kf2 c5
24.Ra1c1 cxd4
25.cxd4 Qc7b6
26.Re1d1 Qb6xb2
27.Kg1 Qb2b6
28.Qg3f2 Qb6d8
29.Qf2b2 b6
30.Rc1c3 Nf6h5
31.Qb2d2 Ra8c8
32.Rd1c1 Rc8xc3
33.Rc1xc3 Qd8h4
34.Rc3c8 Kh7
35.Ne5xf7 Re6e1
36.Qd2xe1 Qh4xe1
37.Kh2 Qe1e6
38.Rc8h8 Kg6
39.Nf7e5 Kf6
40.Rh8f8 Ke7
41.Rf8f7 Qe6xf7
42.Ne5xf7 Kxf7
43.f5 g5
44.fxg6 Kxg6
45.Kg1 Nh5f4
46.Kf1 Nf4e6
47.g3 Ne6xd4
48.f4 Kf5
49.Kf2 Ke4
50.Kg2 b5
51.Kh3 Nd4f5
52.Kg4 d4
53.Kh3 d3
54.g4 Kxf4
55.gxf5 Kxf5
56.Kg3 d2
57.Kf2 d1Q
58.a3 Qd1d3
{ abandon }0-1

[Event "Défi"]
[Site "www.echecsemail.com"]
[Date "2026.02.02"]
[Round "1"]
[White "Jpjay"]
[Black "Strix"]
[WhiteElo "1660"]
[BlackElo "1970"]
[Result "0-1"]
1.g3 d5
2.d4 Nb8c6
3.e3 Bc8f5
4.Bf1g2 Nc6b4
5.e4 dxe4
6.c3 Nb4d3
7.Kf1 Qd8d6
8.Ng1e2 O-O-O
9.Nb1d2 Qd6f6
10.f3 e5
11.Kg1 exd4
12.Nd2xe4 Bf5xe4
13.Qd1f1 dxc3
14.fxe4 Qf6b6
{ abandon }0-1

[Event "Coupe Niveau 10"]
[Site "www.echecsemail.com"]
[Date "2026.02.02"]
[Round "1"]
[White "Eldiablo90"]
[Black "Exley"]
[WhiteElo "2840"]
[BlackElo "2420"]
[Result "1/2-1/2"]
1.d4 d5
2.Ng1f3 Ng8f6
3.Bc1f4 Bc8f5
4.c4 e6
5.Qd1b3 dxc4
6.Qb3xb7 Bf5e4
7.Qb7xc7 Bf8b4
8.Nb1d2 Qd8xc7
9.Bf4xc7 Ke7
10.e3 Rh8c8
11.Bc7g3 Nb8d7
12.Bf1e2 c3
13.bxc3 Bb4xc3
14.Ra1c1 a5
15.O-O Be4d5
16.a4 Nf6e4
17.Nd2xe4 Bd5xe4
18.Be2b5 f6
19.h4 Nd7b6
20.h5 Nb6d5
21.Nf3e1 Bc3b4
22.Ne1d3 Nd5c3
23.Nd3c5 Be4c6
24.Bb5xc6 Rc8xc6
25.Kh2 e5
26.Nc5e4 exd4
27.exd4 Ra8c8
28.Ne4xc3 Rc6xc3
29.Rc1d1 Rc8d8
30.d5 Rc3c5
31.d6 Ke6
32.h6 Rc5h5
33.Kg1 Rh5xh6
34.Rd1d3 Rh6h5
35.Rd3e3 Kf7
36.Re3e7 Kf8
37.Rf1c1 Rh5c5
38.Rc1d1 Rc5c6
39.Re7a7 Bb4xd6
40.Ra7xa5 Ke8
41.Ra5d5 Bd6e7
42.Kf1 Rd8xd5
43.Rd1xd5 Rc6c1
44.Ke2 Rc1a1
45.Rd5a5 Ra1a2
46.Kf3 Be7b4
47.Ra5a7 Kf8
48.Bg3f4 Bb4c5
49.Ra7a8 Kf7
50.Bf4e3 Bc5xe3
51.Kxe3 Ra2a3
52.Ke4 Ra3a2
53.Ra8a7 Kg6
54.Kf3 Ra2a3
55.Kf4 Ra3a2
56.Kg3 Ra2a3
57.f3 h5
58.Kh2 Kh7
59.a5 Kh6
60.a6 h4
61.Kh3 g5
62.Ra7a8 Kg6
63.a7 Kf5
64.g3 hxg3
65.Kxg3 Ra3a4
66.Kf2 Ra4a2
67.Ke3 Ra2a3
68.Kd4 Kf4
69.Kc5 Kxf3
70.Kb6 g4
71.Ra8f8 Ra3xa7
72.Rf8xf6 Ke3
73.Kxa7 g3
74.Kb6 g2
75.Rf6g6 Kf2
76.Kc5 g1Q
77.Rg6xg1 Kxg1
1/2-1/2

[Event "Défi"]
[Site "www.echecsemail.com"]
[Date "2026.02.02"]
[Round "1"]
[White "Kerenor"]
[Black "Solnic"]
[WhiteElo "1590"]
[BlackElo "1260"]
[Result "0-1"]
1.d4 d5
2.Nb1c3 e6
3.e4 Ng8f6
4.e5 Nf6d7
5.Ng1f3 h6
6.a3 Nd7b6
7.h3 Bf8e7
8.Bf1d3 g5
9.Nf3h2 c5
10.dxc5 Be7xc5
11.Nc3a4 Bc5e7
12.Bd3e2 Nb6xa4
13.Nh2g4 O-O
14.Ng4xh6 Kg7
15.Nh6g4 f5
16.Ng4e3 f4
17.Ne3g4 Nb8c6
18.Be2b5 Na4c5
19.Bb5e2 Nc5e4
20.Be2f3 Nc6a5
21.h4 Rf8h8
22.Bc1d2 Be7c5
23.Bf3xe4 dxe4
24.f3 Na5c4
25.Bd2c3 Qd8xd1
26.Ra1xd1 e3
27.Bc3d4 b6
28.Bd4c3 gxh4
29.Rd1a1 a5
30.b3 Rh8d8
31.bxc4 Bc8a6
32.Rh1xh4 Ba6xc4
33.Ng4f6 b5
34.Rh4xf4 Rd8b8
35.Rf4g4 Kf7
36.Nf6e4 Bc5b6
37.Rg4f4 Ke7
38.Ne4g5 Rb8g8
39.Rf4f7 Ke8
40.Rf7b7 Rg8xg5
41.g4 Bb6c5
42.Rb7h7 Ra8d8
43.Rh7h8 Ke7
44.Rh8h7 Ke8
45.Bc3xa5 Rd8d2
46.Rh7h8 Bc5f8
47.Rh8h7 Rg5xe5
48.Ba5xd2 e2
49.Rh7h8 Ke7
50.Bd2b4 Kf7
51.Rh8xf8 Kg7
52.Kf2 Re5d5
53.Rf8a8 Rd5d1
54.Ra8a7 Kf6
55.Ra1xd1 exd1Q
56.Bb4e7 Kg6
57.Be7f8 Qd1f1
58.Kg3 Qf1g1
{ abandon }0-1

[Event "CHATURANGA"]
[Site "www.echecsemail.com"]
[Date "2026.02.02"]
[Round "1"]
[White "Mindthegap"]
[Black "Legrillon"]
[WhiteElo "1460"]
[BlackElo "1780"]
[Result "0-1"]
1.e4 e5
2.Ng1f3 Ng8f6
3.Bf1c4 h6
4.d3 Nb8c6
5.Nb1c3 Bf8b4
6.Bc1d2 Bb4xc3
7.Bd2xc3 O-O
8.h4 d6
9.a3 a6
10.Bc4d5 Nc6e7
11.Nf3g5 Ne7xd5
12.exd5 Nf6xd5
13.Ng5f3 Bc8g4
14.Qd1e2 Nd5f4
15.Qe2d2 Nf4xg2
16.Kd1 Bg4xf3
17.Kc1 Ng2xh4
{ abandon }0-1

[Event "Tournoi n27409"]
[Site "www.echecsemail.com"]
[Date "2026.02.02"]
[Round "1"]
[White "Jlr"]
[Black "Katastrofic"]
[WhiteElo "1410"]
[BlackElo "1370"]
[Result "0-1"]
1.e4 e5
2.Ng1f3 d6
3.d3 Bf8e7
4.h3 h6
5.g4 Nb8c6
6.h4 Nc6d4
7.c3 Nd4xf3
8.Qd1xf3 Be7xh4
9.Bf1e2 Bh4e7
10.Nb1d2 Be7g5
11.Qf3h3 Bc8e6
12.Nd2f3 Bg5xc1
13.Ra1xc1 Ng8f6
14.Nf3h4 Qd8d7
15.Nh4f5 Be6xf5
16.gxf5 O-O-O
17.a3 Kb8
18.Kd2 d5
19.c4 dxe4
20.Rc1c3 exd3
21.Rc3xd3 Nf6e4
22.Ke3 Ne4g5
23.Qh3g2 Qd7e7
24.Rd3b3 Qe7c5
0-1

[Event "Défi"]
[Site "www.echecsemail.com"]
[Date "2026.02.02"]
[Round "1"]
[White "Largo"]
[Black "Malvina"]
[WhiteElo "1290"]
[BlackElo "1270"]
[Result "0-1"]
1.d4 d5
2.f4 Ng8f6
3.e3 Nf6e4
4.g4 e6
5.Bf1b5 c6
6.Bb5a4 b5
7.Ba4b3 Qd8h4
8.Kf1 Qh4f2
0-1

[Event "Défi"]
[Site "www.echecsemail.com"]
[Date "2026.02.02"]
[Round "1"]
[White "Gediato30"]
[Black "Ravanh"]
[WhiteElo "2150"]
[BlackElo "2220"]
[Result "1-0"]
1.c4 g6
2.Nb1c3 Bf8g7
3.Ng1f3 Ng8f6
4.g3 d6
5.Bf1g2 Bc8e6
6.b3 Qd8d7
7.Nf3g5 c6
8.Ng5xe6 Qd7xe6
9.Qd1c2 O-O
10.d4 d5
11.cxd5 cxd5
12.O-O Nb8c6
13.e3 Ra8c8
14.Qc2d2 Rf8d8
15.Bc1b2 Nf6e4
16.Nc3xe4 dxe4
17.f3 exf3
18.Bg2xf3 Qe6d6
19.Ra1c1 e5
20.d5 Bg7h6
21.Qd2e2 Nc6d4
22.exd4 Bh6xc1
23.Bb2xc1 exd4
24.Bc1b2 Qd6b6
25.Qe2d3 { abandon }1-0

[Event "Défi"]
[Site "www.echecsemail.com"]
[Date "2026.02.02"]
[Round "1"]
[White "Burgman"]
[Black "Arno"]
[WhiteElo "1980"]
[BlackElo "1780"]
[Result "1-0"]
1.e4 c5
2.c3 Ng8f6
3.e5 Nf6d5
4.Bf1c4 Nd5b6
5.Bc4b3 Nb8c6
6.Ng1f3 e6
7.O-O d6
8.d4 c4
9.Bb3c2 dxe5
10.dxe5 Qd8c7
11.Bc1f4 Bf8c5
12.Nb1d2 O-O
13.Qd1e2 f6
14.Nd2xc4 f5
15.Nc4xb6 Qc7xb6
16.b4 Bc5e7
17.a4 Qb6c7
18.Bc2b3 b6
19.Rf1d1 Bc8b7
20.Bb3xe6 Kh8
21.Rd1d7 Qc7b8
22.Be6b3 Bb7c8
23.Rd7d2 Qb8b7
24.Bb3d5 Bc8d7
25.b5 { abandon }1-0

[Event "Coupe Niveau 9"]
[Site "www.echecsemail.com"]
[Date "2026.02.02"]
[Round "1"]
[White "64uiop"]
[Black "Orosco"]
[WhiteElo "2570"]
[BlackElo "2220"]
[Result "1/2-1/2"]
1.e4 e5
2.Ng1f3 Nb8c6
3.d4 exd4
4.Nf3xd4 Ng8f6
5.Nd4xc6 bxc6
6.Bf1d3 d5
7.exd5 cxd5
8.O-O Bf8e7
9.Rf1e1 O-O
10.h3 c5
11.Bc1f4 Be7d6
12.Bf4xd6 Qd8xd6
13.Qd1d2 Bc8d7
14.Nb1c3 Ra8b8
15.b3 d4
16.Nc3e2 { nul }1/2-1/2

[Event "Défi( 10J+24H/c 10J Max )"]
[Site "www.echecsemail.com"]
[Date "2026.02.02"]
[Round "1"]
[White "Lisette"]
[Black "Roidechecs"]
[WhiteElo "1299"]
[BlackElo "1250"]
[Result "1-0"]
1.e4 e5
2.Ng1f3 Nb8c6
3.Bf1c4 d6
4.d3 Qd8e7
5.O-O Bc8e6
6.Bc4xe6 Qe7xe6
7.Nb1c3 Ng8f6
8.Nc3b5 Qe6d7
9.Bc1g5 a6
10.Nb5c3 Bf8e7
11.Bg5xf6 Be7xf6
12.Nc3d5 b5
13.Nd5xf6 gxf6
14.Qd1d2 Nc6d4
15.Nf3xd4 exd4
16.Qd2h6 Qd7e7
17.Qh6g7 O-O-O
18.Qg7g4 Kb7
19.Qg4f3 c5
20.e5 Kc7
21.exf6 Qe7e5
22.Ra1e1 Qe5d5
23.Qf3xd5 Rh8f8
24.Re1e7 Kc8
25.Qd5a8 1-0

[Event "Tournoi n27328"]
[Site "www.echecsemail.com"]
[Date "2026.02.02"]
[Round "1"]
[White "Katastrofic"]
[Black "Louis67"]
[WhiteElo "1430"]
[BlackElo "1440"]
[Result "0-1"]
1.e4 e6
2.Bf1c4 d6
3.a3 Ng8e7
4.h3 Ne7c6
5.Ng1f3 Nb8d7
6.O-O Bf8e7
7.d3 e5
8.b4 Nd7f6
9.Bc1g5 a6
10.Bg5xf6 Be7xf6
11.Nb1c3 b5
12.Bc4d5 Bc8b7
13.Bd5xc6 Bb7xc6
14.a4 bxa4
15.Nc3xa4 a5
16.c4 axb4
17.Na4b2 Ra8b8
18.Nf3d2 O-O
19.f4 Bc6d7
20.f5 c5
21.Nd2f3 Qd8e7
22.Nb2a4 Bd7xa4
23.Ra1xa4 Rb8b7
24.Qd1b3 Rf8b8
25.Rf1a1 Qe7d7
26.Ra4a6 Bf6e7
27.Ra6a8 Be7d8
28.g4 Bd8b6
29.Qb3a4 Qd7xa4
30.Ra8xb8 Rb7xb8
31.Ra1xa4 b3
32.Nf3d2 b2
33.Ra4a2 Bb6d8
34.Kf1 Bd8g5
35.Nd2b1 h6
36.Ke2 Bg5d8
37.Kd2 Bd8g5
38.Kc2 Bg5c1
39.Ra2a6 Rb8d8
40.Nb1a3 f6
41.Na3b5 Rd8b8
42.Ra6xd6 Rb8a8
{ abandon }0-1

[Event "Tournoi n27414"]
[Site "www.echecsemail.com"]
[Date "2026.02.02"]
[Round "1"]
[White "Katastrofic"]
[Black "Mokanne"]
[WhiteElo "1370"]
[BlackElo "1430"]
[Result "1-0"]
1.e4 e5
2.Bf1c4 c6
3.a3 Ng8f6
4.d3 c5
5.h3 d6
6.Ng1f3 Bc8d7
7.O-O h6
8.Nb1c3 Nb8c6
9.Bc1d2 Bf8e7
10.Bc4a2 Nf6h5
11.Nf3xe5 Nc6xe5
12.Qd1xh5 Ne5g6
13.Ba2d5 Qd8c8
14.f4 O-O
15.f5 Ng6e5
16.Rf1f4 Kh7
17.Rf4f2 Bd7e8
18.Bd2f4 f6
19.Qh5h4 a6
20.Bf4xe5 dxe5
21.Rf2f3 Be8f7
22.Bd5xf7 Rf8xf7
23.Qh4h5 Qc8f8
24.Rf3g3 b6
25.Rg3g6 Ra8a7
26.Nc3d5 Be7d8
27.Ra1f1 b5
28.Rf1f3 a5
29.Rf3g3 Ra7b7
30.c3 c4
31.dxc4 bxc4
32.Qh5e2 Rb7a7
33.Qe2xc4 a4
34.Rg3g4 Qf8e8
35.Qc4e2 Ra7b7
36.Nd5b4 Rf7d7
37.Qe2f3 Bd8b6
38.Kh2 Qe8f8
39.Nb4d5 Bb6a7
40.Qf3e2 Rd7d6
41.Nd5b4 Ba7b8
42.Qe2f2 Rb7d7
43.Nb4d5 Bb8a7
44.Qf2g3 Rd7f7
45.c4 Ba7c5
46.b4 Bc5a7
47.c5 Rd6c6
48.Nd5c3 Ba7b8
49.Nc3xa4 Rc6a6
50.Na4b6 Bb8c7
51.b5 Ra6a7
52.Nb6d5 Bc7d8
53.b6 Ra7b7
54.c6 Rb7b8
55.c7 Rb8b7
56.c8Q h5
57.Rg4h4 Bd8xb6
58.Qc8xf8 Rf7xf8
59.Rh4xh5 { abandon }1-0

[Event "Défi"]
[Site "www.echecsemail.com"]
[Date "2026.02.02"]
[Round "1"]
[White "Tiounet"]
[Black "Alain34"]
[WhiteElo "1620"]
[BlackElo "2090"]
[Result "0-1"]
1.a3 d5
2.b4 e6
3.Bc1b2 Ng8f6
4.g3 c5
5.bxc5 Bf8xc5
6.Bf1g2 O-O
7.e3 Nb8d7
8.Ng1e2 Nd7b6
9.O-O Bc8d7
10.d3 Qd8e7
11.Nb1d2 Ra8c8
12.c4 Bd7a4
13.Qd1c1 dxc4
14.Nd2xc4 Nb6xc4
15.Qc1xc4 b5
16.Qc4a2 Bc5b6
17.Ne2c3 Ba4c2
18.d4 Bc2d3
19.Rf1d1 Bd3c4
20.Qa2b1 Rc8c7
21.a4 a6
22.axb5 axb5
23.Bb2a3 Qe7d7
24.Bg2f1 Nf6d5
25.Nc3xd5 exd5
26.Ba3xf8 Kxf8
27.Bf1g2 g6
28.Qb1b4 Qd7e7
29.Qb4xe7 Kxe7
30.Ra1a6 Rc7b7
31.Rd1a1 b4
32.Ra1c1 Bc4xa6
33.Bg2xd5 Rb7b8
34.h4 Ba6d3
35.Bd5b3 f5
36.Rc1a1 Kd6
37.Kg2 Bd3e4
38.Kf1 Be4d5
39.Bb3xd5 Kxd5
40.Ra1a4 Bb6c7
41.Ra4a7 b3
42.Ra7a1 b2
43.Ra1b1 Bc7a5
44.Ke2 Kc4
45.Kd1 Kb3
46.f3 Ba5c3
{ abandon }0-1

[Event "ZGOUGOU"]
[Site "www.echecsemail.com"]
[Date "2026.02.02"]
[Round "1"]
[White "Casisimed"]
[Black "Mindthegap"]
[WhiteElo "1620"]
[BlackElo "1440"]
[Result "1-0"]
1.e4 e5
2.Ng1f3 Nb8c6
3.Nb1c3 Ng8f6
4.Bf1c4 Nf6xe4
5.Nc3xe4 d5
6.Bc4xd5 Qd8xd5
7.d3 Bc8g4
8.h3 Bg4h5
9.Bc1e3 f5
10.Ne4c5 Bf8xc5
11.Qd1e2 Bc5xe3
12.Qe2xe3 Nc6b4
13.Qe3xe5 Qd5xe5
14.Nf3xe5 Nb4xc2
15.Kd2 Nc2xa1
16.Rh1xa1 O-O-O
17.f3 Rh8e8
18.Ne5c4 Bh5f7
19.b3 Bf7xc4
20.bxc4 Re8e6
21.Kc3 Rd8e8
22.Ra1b1 Re6e2
23.g4 fxg4
24.hxg4 Re8e3
25.Rb1h1 Re3xf3
26.a4 Re2a2
27.Rh1xh7 Ra2xa4
28.Rh7xg7 Ra4a3
29.Kb4 Ra3xd3
30.g5 Rd3b3
31.Kc5 b6
32.Kc6 Rf3f6
33.gxf6 Rb3d3
34.Rg7g8 Rd3d8
35.f7 { abandon }1-0

[Event "Tournoi n27428"]
[Site "www.echecsemail.com"]
[Date "2026.02.02"]
[Round "1"]
[White "Tiounet"]
[Black "Voyageur"]
[WhiteElo "1600"]
[BlackElo "1660"]
[Result "1-0"]
1.a3 g6
2.b4 Bf8g7
3.Nb1c3 b6
4.Bc1b2 Bc8b7
5.Ng1f3 d6
6.g3 Nb8d7
7.Bf1g2 Ng8f6
8.O-O O-O
9.d3 e5
10.e3 c5
11.bxc5 Nd7xc5
12.Nc3e2 Ra8c8
13.d4 exd4
14.Ne2xd4 Nc5a4
15.Bb2c1 Na4c3
16.Qd1d3 Bb7e4
17.Qd3d2 d5
18.Bc1b2 Nc3a4
19.Bb2c1 Qd8c7
20.Nd4b5 Qc7b7
21.Nb5d6 Qb7c7
22.Nd6xc8 Rf8xc8
23.Ra1b1 Be4xc2
24.Rb1b4 Nf6e4
25.Qd2e1 Na4c3
26.Nf3d4 Bc2d3
27.Bg2h3 Rc8e8
28.Bh3g2 Bd3xf1
29.Kxf1 Nc3a2
30.Rb4b1 Na2xc1
31.Rb1xc1 Qc7d6
32.Nd4c6 Re8a8
33.Qe1d1 Qd6xa3
34.Nc6e7 Qa3xe7
35.Qd1xd5 Ne4c5
36.Qd5xa8 Bg7f8
37.Rc1d1 Kg7
38.Bg2c6 a6
39.Rd1d8 { abandon }1-0

[Event "Défi"]
[Site "www.echecsemail.com"]
[Date "2026.02.02"]
[Round "1"]
[White "Mokanne"]
[Black "Voyageur"]
[WhiteElo "1430"]
[BlackElo "1640"]
[Result "0-1"]
1.e4 g6
2.Bf1c4 d6
3.Qd1f3 Bf8g7
4.Qf3xf7 Kd7
5.Qf7xg7 Ng8f6
6.Qg7h6 Nf6xe4
7.Qh6e3 Ne4c5
8.b3 Nb8c6
9.Qe3h3 Ke8
10.g4 Nc5e4
11.f3 Ne4g5
12.Qh3g3 Rh8f8
13.Ng1e2 d5
14.Bc4b5 Bc8d7
15.O-O a6
16.Bb5xc6 Bd7xc6
17.Ne2d4 Bc6d7
18.d3 Ng5e6
19.Nd4e2 c6
20.Ne2f4 Qd8c7
21.Nb1c3 Ne6xf4
22.Bc1xf4 Qc7xf4
23.Rf1f2 Qf4e3
24.h3 Qe3d4
25.Qg3c7 Qd4xc3
26.Qc7xb7 Qc3xa1
27.Kg2 Ra8c8
28.Qb7xa6 Kf7
29.Qa6a7 Bd7e6
30.Qa7e3 Qa1xa2
31.f4 c5
32.f5 gxf5
33.gxf5 Be6xf5
34.Rf2xf5 Ke8
35.Rf5f2 Rf8xf2
36.Qe3xf2 Qa2b2
37.Qf2e2 Qb2g7
38.Kh2 Rc8c6
39.d4 cxd4
40.Qe2d3 Qg7e5
41.Kg2 Qe5e4
{ abandon }0-1

[Event "Défi"]
[Site "www.echecsemail.com"]
[Date "2026.02.02"]
[Round "1"]
[White "Bouffon"]
[Black "Jipepe"]
[WhiteElo "1750"]
[BlackElo "1430"]
[Result "1-0"]
1.e4 e5
2.Ng1f3 Nb8c6
3.d4 d6
4.dxe5 dxe5
5.c3 Bf8d6
6.Bf1e2 Ng8f6
7.Nb1d2 O-O
8.O-O Nf6g4
9.h3 Ng4h6
10.Nd2c4 Bd6e7
11.Bc1xh6 gxh6
12.Qd1c1 Kg7
13.Nc4xe5 Nc6xe5
14.Nf3xe5 Be7f6
15.Qc1f4 Bf6g5
16.Qf4g3 f6
17.Ne5g4 Qd8d2
18.Be2f3 Rf8f7
19.Ng4e3 Kg6
20.h4 Bc8e6
21.hxg5 hxg5
22.Qg3h2 Qd2xb2
23.Bf3h5 Kg7
24.Bh5xf7 Be6xf7
25.Ne3f5 Kg6
26.Qh2h6 1-0

[Event "Tournoi n27416"]
[Site "www.echecsemail.com"]
[Date "2026.02.02"]
[Round "1"]
[White "Vvvv"]
[Black "Titi050"]
[WhiteElo "1690"]
[BlackElo "1780"]
[Result "0-1"]
1.e4 e6
2.d4 d5
3.Nb1d2 Ng8f6
4.e5 Nf6d7
5.Nd2b3 c5
6.c3 Nb8c6
7.Ng1f3 Bf8e7
8.Bf1b5 O-O
9.Bb5xc6 bxc6
10.Nb3xc5 Nd7xc5
11.dxc5 Be7xc5
12.Nf3d4 Qd8c7
13.Nd4f3 Bc8a6
14.b4 Bc5e7
15.Qd1d4 c5
16.bxc5 Qc7xc5
17.Bc1e3 Qc5b5
18.Qd4d2 Ra8b8
19.Kd1 Qb5d3
20.Qd2xd3 Ba6xd3
21.Kd2 Bd3e4
22.Be3xa7 Rb8b2
23.Ke3 Rf8a8
24.Ba7d4 Ra8xa2
25.Ra1xa2 Rb2xa2
26.Nf3d2 Be4xg2
27.Rh1d1 Be7g5
28.Ke2 Bg2h3
29.Kf3 Ra2xd2
30.Rd1xd2 Bg5xd2
31.Kg3 Bh3f5
32.f4 Kf8
33.Bd4c5 Ke8
{ abandon }0-1

[Event "Défi"]
[Site "www.echecsemail.com"]
[Date "2026.02.02"]
[Round "1"]
[White "Arno"]
[Black "Kaby771"]
[WhiteElo "1770"]
[BlackElo "1820"]
[Result "0-1"]
1.d4 d5
2.Bc1f4 Ng8f6
3.Nb1c3 c6
4.e3 Nb8d7
5.Ng1f3 Qd8b6
6.Ra1b1 e6
7.Bf1d3 Bf8b4
8.O-O O-O
9.Nf3e5 a5
10.Nc3a4 Qb6d8
11.Bf4g5 Qd8c7
12.Ne5xd7 Nf6xd7
13.c4 dxc4
14.Bd3xc4 b5
15.Qd1g4 Rf8e8
16.Bg5h6 g6
17.h4 Nd7f6
18.Qg4e2 bxc4
19.g4 Nf6e4
20.Qe2f3 f5
21.gxf5 exf5
22.Rb1d1 Bc8e6
23.h5 Qc7e7
24.a3 Bb4d6
25.Na4c3 Qe7h4
{ abandon }0-1

[Event "Tournoi n27429"]
[Site "www.echecsemail.com"]
[Date "2026.02.02"]
[Round "1"]
[White "Voyageur"]
[Black "Tiounet"]
[WhiteElo "1650"]
[BlackElo "1600"]
[Result "1-0"]
1.d4 b5
2.e4 Bc8b7
3.d5 a6
4.a3 Ng8f6
5.Nb1c3 g6
6.b4 Bf8g7
7.Bc1b2 O-O
8.g3 d6
9.Bf1g2 c6
10.dxc6 Nb8xc6
11.Ng1e2 Nc6e5
12.O-O Ne5c4
13.Bb2c1 Qd8c7
14.Bc1g5 Rf8e8
15.Ne2f4 Nf6g4
16.Qd1xg4 Bg7xc3
17.Ra1d1 Nc4xa3
18.Nf4d5 Bb7xd5
19.exd5 Na3xc2
20.Rd1c1 Nc2xb4
21.Qg4xb4 Bc3xb4
22.Rc1xc7 Bb4c5
23.Rc7xe7 Re8xe7
24.Bg5xe7 Ra8e8
25.Be7f6 b4
26.Rf1a1 Re8a8
27.Bg2f1 a5
28.Bf1b5 Ra8b8
29.Ra1xa5 b3
30.Bb5d3 b2
31.Bd3b1 h5
32.Ra5a2 Kh7
33.Ra2xb2 Rb8a8
34.Bb1e4 Ra8a4
35.Rb2e2 Kg8
36.Kg2 Ra4a8
37.f4 Ra8e8
38.Be4d3 Re8xe2
39.Bd3xe2 Kf8
40.Kf3 Ke8
41.Ke4 Bc5g1
42.h4 Bg1f2
43.Kf3 Bf2e1
44.Ke3 Be1xg3
45.Kf3 Bg3e1
46.Ke4 Kd7
47.f5 gxf5
48.Kxf5 Be1d2
49.Be2xh5 Ke8
50.Bf6g5 Bd2c3
51.Bg5f4 Bc3b4
52.Kf6 { abandon }1-0